| 000 | 00960nam a2200253 a 4500 | ||
|---|---|---|---|
| 001 | BRCA_6031 | ||
| 005 | 20190320205315.0 | ||
| 008 | 200411s2010----mx-a######---#000-0#spa-# | ||
| 020 | _a9786070212710 | ||
| 041 | _aspa | ||
| 044 | _amx | ||
| 050 | 4 |
_aNA753 _b.B34 2010 |
|
| 100 | 1 |
_aBáez Macías, Eduardo _910 |
|
| 245 | 1 | 0 |
_aEl edificio del Hospital de Jesús _bhistoria y documentos sobre su construcción _cEduardo Báez Macías. |
| 250 | _a2 | ||
| 260 |
_aMéxico _bUNAM, Instituto de Investigaciones Estéticas _c2010 |
||
| 300 |
_a278 p. _bil. (algunas a color) _c23 cm. |
||
| 500 | _aIncluye índice de documentos, explicación del plano de Antonio Villard (1823), índice onomástico y lista de ilustraciones | ||
| 504 | _aBibliografía: p. [275]-278 | ||
| 610 | 2 | 4 |
_aHospital de Jesús (Ciudad de México) _915221 |
| 650 | 1 | 4 |
_aMonumentos _zCiudad de México _915222 |
| 650 | 1 | 4 |
_aArquitectura colonial _zCiudad de México _915223 |
| 942 |
_2lcc _cB |
||
| 999 |
_c5719 _d5719 |
||